| 000 | 00693nam a2200241 a 4500 | ||
|---|---|---|---|
| 001 | 52252 | ||
| 003 | BD-RjUL | ||
| 005 | 20211209075756.0 | ||
| 008 | 160907s1977 nyua 001 0 eng | ||
| 035 | _a(BD-RjUL)52372 | ||
| 040 |
_aDLC _cDLC _dEQO _dBD-RjUL _beng |
||
| 041 | _aeng | ||
| 082 |
_a530 _223 _bGAP 1977 |
||
| 100 | 1 |
_aGartenhaus, Solomon, _d1929- _9156302 |
|
| 245 | 1 | 0 |
_aPhysics : _bbasic principles / _cSolomon Gartenhaus. |
| 250 | _aCombined ed. | ||
| 260 |
_aNew York : _bHolt, Rinehart, and Winston, _cc1977. |
||
| 300 |
_axxiv, 1064, xlv p. : _bill. ; _c25 cm. |
||
| 504 | _aIncludes index. | ||
| 650 | 0 |
_aPhysics. _9156303 |
|
| 942 |
_2ddc _cBK |
||
| 999 |
_c52252 _d52252 |
||